Ten Weird Country Facts #7 - Statistics

General Stats
  • This quiz has been taken 45 times
  • The average score is 3 of 10
Answer Stats
Fact Country % Correct
Country in the most time zones? (Including oversea territories) France
92%
Country where the shape on its flag is not the true shape of the country? Cyprus
59%
What is the largest country with no farms? Singapore
46%
North Korea and what other country does Coco-Cola not exist in? Cuba
36%
Country where it was illegal to have a television until 1999? Bhutan
31%
Which country is home to 80 percent of gorillas? Gabon
13%
Country with the highest sea-level rise? Kiribati
13%
Country with the highest lowest point in land? Lesotho
10%
What country is said to be the safest country in the world? Qatar
8%
Country where 1 out of every 20 people are beekeepers? Slovenia
5%
No matching quizzes found
Score Distribution
Percent of People with Each Score
Percentile by Number Answered
Your Score History
You have not taken this quiz